Mathematical methods in economics - Seventh Slovak MCDM Seminar

Uložené v:
Podrobná bibliografia
Hlavný autor: Fendeková, Eleonora, 1952-
Médium: Kapitola
Jazyk:English
Tagy: Pridať tag
Žiadne tagy, Buďte prvý, kto otaguje tento záznam!

MARC

LEADER 00000naa$a2200000$$$4500
001 0090069
005 20240502072015.2
041 0 |a eng 
044 |a SK 
245 1 0 |a Mathematical methods in economics - Seventh Slovak MCDM Seminar  |c Eleonora Fendeková 
100 1 |a Fendeková, Eleonora, 1952-